Troisieme conference sur le droit de la mer

Tallennettuna:
Bibliografiset tiedot
Aineistotyyppi: Kirja
Kieli:Undetermined
Julkaistu: Geneve Nations Unies 1979
Aiheet:
Tagit: Lisää tagi
Ei tageja, Lisää ensimmäinen tagi!
Thư viện lưu trữ: Trung tâm Học liệu Trường Đại học Cần Thơ
LEADER 00396nam a2200145Ia 4500
001 CTU_98493
008 210402s9999 xx 000 0 und d
082 |a 340.13 
082 |b T845 
245 0 |a Troisieme conference sur le droit de la mer 
260 |a Geneve 
260 |b Nations Unies 
260 |c 1979 
650 |a International law 
980 |a Trung tâm Học liệu Trường Đại học Cần Thơ